|
|
|
|
| LEADER |
01027nam a2200277 a 4500 |
| 001 |
GR-Patra13785 |
| 008 |
981110s1999 gr g b 001 b eng d |
| 020 |
|
|
|a 0849378842
|
| 040 |
|
|
|a GrPaTEI
|b gre
|c GR-PaULI
|
| 040 |
|
|
|a GrPaTEI
|b gre
|c GR-PaULI
|
| 044 |
|
|
|b fl
|
| 050 |
|
|
|a RA1160
|b .D78 1999
|
| 082 |
|
0 |
|a 615.1901
|2 21
|
| 245 |
0 |
0 |
|a Drug testing technology :
|b assessment of field applications /
|c edited by Tom Mieczkowski.
|
| 260 |
|
|
|a Boca Raton :
|b CRC Press,
|c c1999
|
| 300 |
|
|
|a 371 σ. :
|b εικ.
|
| 504 |
|
|
|a Περιλαμβάνει βιβλιογραφικές παραπομπές
|
| 650 |
|
0 |
|a ANALYSIS
|
| 650 |
|
0 |
|a Drug testing
|
| 650 |
|
0 |
|a DRUGS
|
| 650 |
|
4 |
|a ΝΑΡΚΩΤΙΚΑ
|
| 700 |
1 |
|
|a Mieczkowski, Thomas,
|d 1947-
|
| 942 |
|
|
|2 ddc
|
| 952 |
|
|
|0 0
|1 0
|2 ddc
|4 0
|6 615_190100000000000_DRU
|7 0
|9 292820
|a LISK
|b LISK
|c BSC
|d 2021-01-17
|e 24
|f 0
|g 0.00
|l 0
|o 615.1901 DRU
|p 92410017658
|r 2021-01-17 00:00:00
|t 1
|w 2021-01-17
|y BK15
|x 20001020 0 1
|x GrPaTEI
|
| 971 |
|
|
|a .b26613001
|b 15-04-20
|c 23-09-16
|
| 999 |
|
|
|c 171146
|d 171146
|